North and west African nation Capitals - Statistics

General Stats
  • This quiz has been taken 6 times
  • The average score is 10 of 15
Answer Stats
Hint Answer % Correct
The opening phase of "Operation Torch" started here in WWII algiers
80%
Home of Mansa Musa bamako
80%
almost completely surrounded by Senegal banjul
80%
Two word country just south of Senegal bissau
80%
famous for Giza cairo
80%
Another land dispute, but with Egypt this time khartoum
80%
Shares a land border with Spain rabat
80%
Barbary wars occurred here tripoli
80%
gained Independence in 1958 conakry
60%
Home to the famous "Pink Lake." dakar
60%
gained independence in 1961 freetown
60%
over 200 ethnic groups and over 100 languages n'djamena
60%
Currently arguing with Morocco about the Western Sahara region nouakchott
60%
very dangerous (especially in the north) due to terrorists specifically from Mali ouagadougou
60%
Major west African river named after this country niamey
40%
No matching quizzes found
Score Distribution
Percent of People with Each Score
Percentile by Number Answered
Your Score History
You have not taken this quiz